000 00793cam a2200229 4500
001 WS116479
008 020125n 000 0 eng u
035 _a(Sirsi) u116479
110 _aAsian Development Bank
_92327
245 _aAsian Development Bank
520 _aWeb site for this multilateral development finance institution dedicated to reducing poverty in Asia and the Pacific. Includes details of business opportunities, statistics and pages on a range of development topics.
650 _aINTERNATIONAL
650 _aASIA
650 _aSTATISTICS
650 _aEnvironment
_96238
650 _aGENDER
650 _aLAW
650 _aPOVERTY
690 _aECONOMIC ISSUES
856 4 0 _uhttps://www.adb.org
_zView the website free of charge at www.adb.org...
942 _n0
999 _c119997
_d119997